Abc del consumidor : mi experiencia personal /
Guardado en:
| Autor Principal: | |
|---|---|
| Formato: | Libro |
| Publicado: |
Buenos Aires :
El Ateneo,
1991
|
| Materias: | |
| Etiquetas: |
Agregar Etiqueta
Sin Etiquetas, Sea el primero en etiquetar este registro!
|
| LEADER | 00914nam a22001935a 4500 | ||
|---|---|---|---|
| 001 | CEM.cems003772 | ||
| 005 | 20070328183232.0 | ||
| 008 | 130507s1991##################000#0#####d | ||
| 003 | CEMS | ||
| 082 | 0 | 4 | |a 640.73 |
| 100 | 1 | |a Lazzari, Lita de | |
| 245 | 1 | 0 | |a Abc del consumidor : |b mi experiencia personal / |c Lita de Lazzari |
| 260 | |a Buenos Aires : |b El Ateneo, |c 1991 | ||
| 300 | |a 188 p. | ||
| 505 | 0 | |a Cómo somos los argentinos -- La hiperinflación en la Argentina -- La compra impulsiva: una actitud modificable -- Derechos y deberes del consumidor -- El Estado y los consumidores -- Mujer, consumo y publicidad -- La leche, el pan y la soja, alimentos indispensables -- Consumidores del mundo, uníos -- Pasado, presente y futuro de la Liga de Amas de Casa | |
| 653 | |a Economía-hogar | ||
| 653 | |a Consumidor-derecho | ||
| 653 | |a Consumidor-deberes | ||
| 859 | |a CEMS |b BIB. CEMS - 11 de abril |h 640.73 |i L459 |p 16151.91 |t Ej.1 | ||
